Negociación de cambios y asientos (Registro nro. 973)

Detalles MARC
000 -LEADER
fixed length control field 01210 a2200217 4500
001 - CONTROL NUMBER
control field 22339
005 - DATE AND TIME OF LATEST TRANSACTION
control field 20260407155513.0
008 - FIXED-LENGTH DATA ELEMENTS--GENERAL INFORMATION
fixed length control field 260407a1993 arg spa d
003 - CONTROL NUMBER IDENTIFIER
control field AR-UNSa-BCEJYS
040 ## - CATALOGING SOURCE
Original cataloging agency AR-UNSa-BCEJYS
Language of cataloging spa
Transcribing agency AR-UNSa-BCEJYS
080 ## - UNIVERSAL DECIMAL CLASSIFICATION NUMBER
Universal Decimal Classification number 657
Common auxiliary subdivision Contabilidad
020 ## - INTERNATIONAL STANDARD BOOK NUMBER
International Standard Book Number 84-7196-990-4
100 1# - MAIN ENTRY--PERSONAL NAME
Personal name González Ferrando, José María
245 10 - TITLE STATEMENT
Title Negociación de cambios y asientos
Name of part/section of a work Un opúsculo de autor anónimo sobre asientos, cambio y contabilidad para partida doble, de fines del primer tercio del siglo XVII
264 #1 - PRODUCTION, PUBLICATION, DISTRIBUTION, MANUFACTURE, AND COPYRIGHT NOTICE
Place of production, publication, distribution, manufacture Madrid :
Name of producer, publisher, distributor, manufacturer Ministerio de Economía y Hacienda
Date of production, publication, distribution, manufacture, or copyright notice 1993
300 ## - PHYSICAL DESCRIPTION
Extent 290 p.
Dimensions 24 cm.
505 ## - FORMATTED CONTENTS NOTE
Formatted contents note Parte I: 1. Introducción - 2. Particularidades del cambio - 3. Plazas y lugares en que se realizan - 4. Explicación de los asientos y sus particularidades - 5. Requisitos de la contabilización por partida doble y circunstancias de la misma - Parte II: 1. Transcripción anotada del opúsculo - 2. Reproducción facsimilar del opúsculo - Parte III: Glosario.
590 ## - LOCAL NOTE (RLIN)
Local note niveau_biblio:m niveau_hierar:0
856 41 - ELECTRONIC LOCATION AND ACCESS
Uniform Resource Identifier <a href="https://biblioeco.unsa.edu.ar/pmb/images/libros/Negociacion de cambio y asientos-l119499.jpg">https://biblioeco.unsa.edu.ar/pmb/images/libros/Negociacion de cambio y asientos-l119499.jpg</a>
Link text Imagen de portada
Electronic format type image/jpeg
942 ## - ADDED ENTRY ELEMENTS (KOHA)
Koha item type
Existencias
Withdrawn status Lost status Damaged status Not for loan Home library Current library Shelving location Date acquired Total checkouts Full call number Barcode Date last seen Price effective from Koha item type
        Biblioteca Prof. Eusebio Cleto del Rey Biblioteca Prof. Eusebio Cleto del Rey   07/04/2026   P657 G642n L119499 07/04/2026 07/04/2026 Libro